000
00339nam a2200133Ia 4500
008
240624s9999 xx 000 0 und d
041
_a
eng
082
_a
338.04 BJE
100
_a
BJERKE BJORN
245
_a
UNDERSTANDING ENTREPRENEURSHIP
260
_c
2007
_a
United Kingdom
_b
Edward Elgar
300
_a
ix, 267 p.; 23 cm.
365
_c
_b
38
999
_c
30718
_d
30718